000 01019cad a22002055a 4500
001 L153300
008 110707s2011 xxk f 000 0 eng d
035 _a(Sirsi) u153300
041 0 _aeng
110 2 _aUnited Kingdom
_bDepartment for Communities and Local Government
_94939
245 0 0 _aPart L 2013 review
_bDepartment for Communities and Local Government introductory seminar, 25 March 2011
_h[electronic resource]
260 _aLondon
_bDCLG
_c2011
520 _aPresents details of research findings, the context for the 2013 review and drivers for change, government priorities, technical, compliance and performance, main timetable, new homes, role of Zero Carbon Hub, existing buildings, Green Deal, economic overview.
590 _aKA
651 4 _aUnited Kingdom
_y
690 _aBuilding regulations
_96224
710 1 _aAECOM
856 4 0 _uhttps://www.beama.org.uk/en/publications/presentations.cfm/Part_L_Seminar_Presentations_25_3_11
_zView the item free of charge at www.beama.org.uk
942 _n0
999 _c112454
_d112454